Psychological impact of workplace environment on employees' performance and effectiveness

Zásady usporiadania pracovného prostredia. Rozloženie pracovných nástrojov, osvetlenie a farby na pracovisku, hlučnosť. Monotónnosť pracovných procesov, mentálne vyčerpanie, únava, mentálne poruchy. Psychická záťaž, frustrácia, stres. Syndróm vyhorenia. Psychická hygiena, relaxácia, príroda.

Saved in:
Bibliographic Details
Main Author: Matkovčíková, Natália, 1982-
Format: Book Chapter
Language:English
Subjects:
Tags: Add Tag
No Tags, Be the first to tag this record!

MARC

LEADER 00000naa$a2200000$$$4500
001 0204222
005 20240502073417.0
041 0 |a eng 
044 |a SK 
245 1 0 |a Psychological impact of workplace environment on employees' performance and effectiveness  |c Natália Matkovčíková 
520 |a Zásady usporiadania pracovného prostredia. Rozloženie pracovných nástrojov, osvetlenie a farby na pracovisku, hlučnosť. Monotónnosť pracovných procesov, mentálne vyčerpanie, únava, mentálne poruchy. Psychická záťaž, frustrácia, stres. Syndróm vyhorenia. Psychická hygiena, relaxácia, príroda. 
610 2 0 |a prostredie pracovné 
610 2 0 |a ukazovatele výkonnosti 
610 2 0 |a meranie výkonnosti 
610 2 0 |a výkonnosť 
610 2 0 |a výkony pracovné 
610 2 0 |a psychológia práce 
610 2 0 |a štúdie psychologické 
610 2 0 |a výskum psychologický 
100 1 |a Matkovčíková, Natália, 1982-